| Tag |
First Indicator |
Second Indicator |
Subfields |
| LEADER |
00000cam a2200000 a 4500 |
| 001 |
in00000539321 |
| 005 |
20151013100905.0 |
| 008 |
811013s1980 fr a b f00000 fre |
| 010 |
|
|
|a 81124973
|
| 015 |
|
|
|a F***
|
| 020 |
|
|
|a 271595011X
|
| 035 |
|
|
|a (OCoLC)07925984
|
| 035 |
|
|
|9 ACG5010AM
|
| 039 |
0 |
|
|a 2
|b 3
|c 3
|d 3
|e 3
|
| 040 |
|
|
|a DLC
|c DLC
|d TXA
|d UtOrBLW
|
| 041 |
0 |
|
|a fre
|b eng
|
| 043 |
|
|
|a e-fr---
|
| 049 |
|
|
|a TXAM
|c [1486446]
|
| 050 |
0 |
0 |
|a QE1
|b .F7 no. 107
|a QE268
|
| 082 |
0 |
|
|a 551/.09171/244 s
|a 554.4
|2 19
|
| 245 |
0 |
0 |
|a Evolutions geologiques de la France :
|b texte integral du colloque C7, Geologie de France, du 26e CGI /
|c sous la coordination de Albert Autran et Jean Dercourt.
|
| 264 |
|
1 |
|a Orleans :
|b BRGM,
|c 1980.
|
| 300 |
|
|
|a 355 pages :
|b illustrations ;
|c 27 cm.
|
| 336 |
|
|
|a text
|b txt
|2 rdacontent
|
| 337 |
|
|
|a unmediated
|b n
|2 rdamedia
|
| 338 |
|
|
|a volume
|b nc
|2 rdacarrier
|
| 490 |
1 |
|
|a Memoire du BRGM,
|x 0071-8246 ;
|v no 107
|
| 500 |
|
|
|a Summaries in French.
|
| 504 |
|
|
|a Includes bibliographies.
|
| 650 |
|
0 |
|a Geology
|z France.
|
| 700 |
1 |
|
|a Autran, Albert.
|
| 700 |
1 |
|
|a Dercourt, Jean.
|
| 711 |
2 |
|
|a International Geological Congress
|n (26th :
|d 1980 :
|c Paris)
|
| 830 |
|
0 |
|a Mémoires du Bureau de recherches géologiques et minières ;
|v no 107.
|
| 999 |
|
|
|a MARS
|
| 999 |
f |
f |
|s 71dbe52c-1c1f-3add-a193-c69fd045faa1
|i d12074cf-e62f-3e45-83e2-f458f86c7f0c
|t 0
|
| 952 |
f |
f |
|p ric
|a Texas A&M University
|b Rellis Campus
|c Joint Library Facility
|d Remote Storage
|t 0
|e QE1 .F7 no. 107
|h Library of Congress classification
|i unmediated -- volume
|m A14808112777
|
| 998 |
f |
f |
|a QE1 .F7 no. 107
|t 0
|l Remote Storage
|